000
00255nam a2200133Ia 4500
100
_a
Ford Henry
942
_c
BK
654
_a
Shop Theory
245
_a
Shop Theory
260
_b
McGraw Hill
082
_a
670.4
_b
Nic
546
_a
ENGLISH
999
_c
25539
_d
25539